Návrh zdokonalenia riadenia výkonnosti zamestnancov prostredníctvom využívania rôznych štýlov vedenia ľudí v spoločnosti IKEA Industry Majcichov

Saved in:
Bibliographic Details
Main Author: Dovičičová, Henrieta, 1992- (Author)
Other Authors: Čambál, Miloš, 1966- (Thesis advisor)
Format: Manuscript Book
Language:Slovak
Published: Trnava : STU v Bratislave MTF UPMK, 2014
Subjects:
Online Access:VAIS
Tags: Add Tag
No Tags, Be the first to tag this record!

MARC

LEADER 00000ntm a22000003a 4500
001 stu293182
005 20150617230315.3
008 140708s2014----xo------------------slo-d
040 |a STU  |b slo 
041 0 |a slo 
044 |a xo 
100 1 |a Dovičičová, Henrieta,  |d 1992-  |4 aut  |u M  |T MTF Materiálovotechnologická fakulta  |X 45562  |U M  |Y 60  |7 A000045562 
242 0 0 |a Proposal for Improvement of employee Performance Management utilizing various styles of leadership of employees within the company IKEA Industry Majcichov  |y eng 
245 1 |a Návrh zdokonalenia riadenia výkonnosti zamestnancov prostredníctvom využívania rôznych štýlov vedenia ľudí v spoločnosti IKEA Industry Majcichov 
260 |a Trnava :  |b STU v Bratislave MTF UPMK,  |c 2014 
300 |a 68s  |c CD 
650 7 |a priemyselné manažérstvo  |2 stusub 
650 7 |a Industrial Management  |2 estusub 
650 7 |a performance  |2 estusub 
650 7 |a výkonnosť  |2 stusub 
650 7 |a riadenie výkonnosti  |2 stusub 
700 1 |a Čambál, Miloš,  |d 1966-  |4 ths  |u M4000  |U MTF Materiálovotechnologická fakulta  |T MTF Ústav priemyselného inžinierstva a manažmentu  |X 279  |U M4000  |Y 84  |7 A000000279 
856 4 |a info a plný text  |u http://is.stuba.sk/zp/portal_zp.pl?podrobnosti=87266  |3 VAIS 
996 |c M*BP-6948  |l MMSKP  |s P  |a 0  |w stu293182_0001